000 00566nam a2200229Ia 4500
003 OSt
005 20221007064556.0
006 a|||||r|||| 00| 0
007 ta
008 221006b |||||||| |||| 00| 0 eng d
024 _a8,670
037 _cTextual
040 _aFLL
_cFLL
_beng
041 _2eng
_aeng
082 _aZ2,2674, M1
100 _aNarayana Au.
_9220570
245 0 _aCopyright law
260 _aDelhi
_bIndia
_c1981
300 _a662p
_ccm.
942 _hZ2,2674, M1
_cTEXL
_2CC
999 _c1134506
_d1134506